| 000 | 00000nam 2200000zi 4500 |
| 001 | 9.947457 |
| 003 | CaOODSP |
| 005 | 20250128132459 |
| 006 | m o d f |
| 007 | cr |n |||||||| |
| 008 | 250128t20102010onc o f000 0|fre d |
| 020 | |z9780660645193 |
| 040 | |aCaOODSP|bfre|erda|cCaOODSP |
| 041 | |afre|aeng |
| 043 | |an-cn-bc |
| 086 | 1 |aFs73-2010/7-PDF |
| 245 | 00|aCanadian tide and current tables 2010. |nVolume 7, |pQueen Charlotte Sound to Dixon Entrance = Tables des marées et courants du Canada 2010. Volume 7, Queen Charlotte Sound à Dixon Entrance. |
| 246 | 11|aTables des marées et courants du Canada 2010. |nVolume 7, |pQueen Charlotte Sound à Dixon Entrance |
| 264 | 1|aOttawa : |bPêches et océans Canada = Fisheries and Oceans Canada, |c2010. |
| 264 | 4|c©2008 |
| 300 | |a1 ressource en ligne (83 pages) |
| 336 | |atexte|btxt|2rdacontent/fre |
| 337 | |ainformatique|bc|2rdamedia/fre |
| 338 | |aressource en ligne|bcr|2rdacarrier/fre |
| 500 | |aÉdition numérisée de l'imprimé [par Direction des publications du gouvernement du Canada]. |
| 500 | |a«Publiées avec l'autorisation du Service hydrographique du Canada, Péches et Océans Canada.» |
| 546 | |aTexte en français et en anglais. |
| 650 | 6|aMarées|zColombie-Britannique|zReine-Charlotte, Bassin de la|vTables. |
| 650 | 6|aMarées|zDixon, Détroit de (C.-B. et Alaska)|vTables. |
| 650 | 6|aCourant|zColombie-Britannique|zReine-Charlotte, Bassin de la. |
| 650 | 6|aCourant|zDixon, Détroit de (C.-B. et Alaska) |
| 710 | 2 |aService hydrographique du Canada, |eorganisme de publication. |
| 776 | 0#|tQueen Charlotte Sound à Dixon Entrance |w(CaOODSP)9.549051 |
| 788 | |tCanadian tide and current tables 2010. |eeng|w(CaOODSP)9.947458 |
| 856 | 40|qPDF|s9154 Ko|uhttps://publications.gc.ca/collections/collection_2025/mpo-dfo/Fs73-2010-7.pdf |